| 000 | 01170cam a22003375i 4500 | ||
|---|---|---|---|
| 999 |
_c28603 _d28574 |
||
| 001 | 012932608 | ||
| 003 | EG-ScBUE | ||
| 005 | 20200825150705.0 | ||
| 008 | 040525s2005 ne a f b 001 0 eng d | ||
| 020 | _a0750677198 (cased) | ||
| 020 | _a8181477421 (Indian edition) | ||
| 020 | _a9798181477421 | ||
| 040 |
_aStDuBDS _beng _erda _cUk _dEG-ScBUE |
||
| 082 | 0 | 4 |
_a620.1126 _bLEE _222 |
| 100 | 1 |
_aLee, Yung-Li, _eauthor. |
|
| 245 | 0 | 0 |
_aFatigue testing and analysis : _b(theory and practice) / _cYung-Li Lee, Daimler Chrysler [and three other]. |
| 250 | _aFirst Indian reprint. | ||
| 264 | 1 |
_aBurlington, MA : _bButterworth-Heinemann / ELsevier, _c2005. |
|
| 300 |
_axiv, 402 pages : _billustrations ; _c24 cm |
||
| 336 |
_atext _btxt _2rdacontent |
||
| 337 |
_aunmediated _bn _2rdamedia |
||
| 338 |
_avolume _bnc _2rdacarrier |
||
| 504 | _aIncludes bibliographical references and index. | ||
| 650 | 7 |
_aMaterials _xFatigue _xTesting. _2BUEsh |
|
| 650 | 7 |
_aStrains and stresses _xTesting. _2BUEsh |
|
| 653 |
_bENGGEN _cAugust2020 |
||
| 700 | 1 |
_aPan, J., _eauthor. |
|
| 700 | 1 |
_aBarkey, Mark E., _eauthor. |
|
| 700 | 1 |
_aHathaway, Richard B., _eauthor. |
|
| 942 |
_2ddc _cBB |
||